[Event "AUTO-OPEN-3685"]
[Site "http://www.queenalice.com/game.php?id=1456663"]
[Date "2016.12.26"]
[Round "2"]
[White "LUKK22"]
[Black "PusangItim"]
[Result "0-1"]
[WhiteElo "2341"]
[BlackElo "1960"]

1. g4 d5 2. Bg2 e5 3. d4 exd4 4. Qxd4 Be6 5. Nf3 Nc6 6. Qa4 Qd7 7. Nc3 Bd6 8.
Be3 Nge7 9. O-O-O O-O-O 10. Bxa7 Nxa7 11. Qxa7 c6 12. Na4 Kc7 13. Qa5+ Kb8 0-1

[Event "AUTO-OPEN-3685"]
[Site "http://www.queenalice.com/game.php?id=1456664"]
[Date "2016.12.26"]
[Round "2"]
[White "PusangItim"]
[Black "LUKK22"]
[Result "1-0"]
[WhiteElo "1990"]
[BlackElo "2318"]

1. e4 g6 2. d4 Bg7 3. Nf3 d6 4. Nc3 Nf6 5. Bc4 O-O 6. h3 Nxe4 7. Nxe4 d5 8. Bd3
dxe4 9. Bxe4 c5 10. Be3 f5 11. Bd3 f4 12. Bc1 cxd4 13. O-O Nc6 14. Re1 1-0

[Event "AUTO-INT-3162"]
[Site "http://www.queenalice.com/game.php?id=1458773"]
[Date "2017.1.10"]
[Round "2"]
[White "Jomaley"]
[Black "PusangItim"]
[Result "0-1"]
[WhiteElo "1519"]
[BlackElo "2049"]

1. e4 e6 2. d3 d5 3. exd5 exd5 4. h4 Nc6 5. Bg5 Be7 6. Qe2 Be6 7. Nd2 Bxg5 8.
hxg5 Qxg5 9. c3 Nge7 10. Ndf3 Qf6 11. g3 O-O-O 12. a4 Ng6 13. Bh3 Bxh3 14. Rxh3
Rde8 15. Qxe8+ Rxe8+ 16. Kd2 h6 17. d4 Na5 18. Ra3 Nc4+ 0-1

[Event "AUTO-INT-3162"]
[Site "http://www.queenalice.com/game.php?id=1458774"]
[Date "2017.1.10"]
[Round "2"]
[White "PusangItim"]
[Black "Jomaley"]
[Result "1-0"]
[WhiteElo "2051"]
[BlackElo "1488"]

1. e4 e5 2. Nf3 Qf6 3. Bc4 c6 4. Nc3 b5 5. Bb3 a5 6. a3 a4 7. Ba2 h6 8. d4 Bd6
9. Be3 Qg6 10. dxe5 Bc7 11. O-O f6 12. Bf4 Ne7 13. Re1 f5 14. Qd2 fxe4 15. Nxe4
d5 16. exd6 Bxd6 17. Nxd6+ Kd7 18. Nxc8+ Kxc8 19. Rxe7 Na6 20. Qd7# 1-0

[Event "AUTO-INT-3162"]
[Site "http://www.queenalice.com/game.php?id=1458777"]
[Date "2017.1.10"]
[Round "2"]
[White "Jackzapo"]
[Black "PusangItim"]
[Result "1-0"]
[WhiteElo "1806"]
[BlackElo "1983"]

1. d4 d5 2. c4 e6 3. cxd5 exd5 4. Nc3 Nf6 5. h3 Be7 6. Nf3 O-O 7. Bg5 h6 8. Bh4
Bf5 9. e3 Nbd7 10. Bd3 Bxd3 11. Qxd3 c6 12. O-O Qc7 13. Bg3 Bd6 14. Bxd6 Qxd6
15. a4 Rfe8 16. Rab1 Ne4 17. b3 f5 18. b4 Ndf6 19. Ne5 Nxc3 20. Qxc3 Ne4 21. Qc2
Rac8 22. Rfc1 Rf8 23. Qe2 f4 24. Qg4 1-0

[Event "AUTO-INT-3162"]
[Site "http://www.queenalice.com/game.php?id=1458778"]
[Date "2017.1.10"]
[Round "2"]
[White "PusangItim"]
[Black "Jackzapo"]
[Result "0-1"]
[WhiteElo "2008"]
[BlackElo "1781"]

1. e4 c5 2. Nf3 Nc6 3. d4 cxd4 4. Nxd4 Qc7 5. Nc3 e6 6. Be2 a6 7. O-O Nf6 8. Be3
d6 9. Rc1 Bd7 10. a3 b5 11. f4 Be7 12. f5 exf5 13. Nxf5 Bxf5 14. exf5 O-O 15.
Nd5 Nxd5 16. Qxd5 Ne5 17. g4 Rac8 18. b3 Qc3 19. Bd2 Qc7 20. g5 Qc5+ 21. Qxc5
Rxc5 22. f6 gxf6 0-1

[Event "AUTO-INT-3163"]
[Site "http://www.queenalice.com/game.php?id=1459491"]
[Date "2017.1.14"]
[Round "2"]
[White "PusangItim"]
[Black "EdBrazil"]
[Result "1-0"]
[WhiteElo "2055"]
[BlackElo "1500"]

1. e4 e5 2. Nf3 d6 3. Bc4 Bg4 4. Nc3 c6 5. a3 Qh4 6. Nxh4 Bxd1 7. Nxd1 Be7 8.
Nf5 Bf8 9. Nc3 g6 10. Ne3 b5 11. Ba2 Nf6 12. d3 h5 13. O-O Nbd7 14. Ne2 h4 15.
h3 g5 16. Nf5 g4 17. Kh2 d5 18. exd5 cxd5 19. Bg5 Rh5 20. Bxf6 Nxf6 21. Ne3 gxh3
22. gxh3 e4 23. d4 Bd6+ 24. Kh1 Nh7 25. Bxd5 Rd8 26. Bxe4 Ng5 27. Bf5 Nf3 28.
Bg4 Ng5 29. Bxh5 Nxh3 30. f4 a5 31. Kg2 1-0

[Event "AUTO-INT-3163"]
[Site "http://www.queenalice.com/game.php?id=1459492"]
[Date "2017.1.14"]
[Round "2"]
[White "EdBrazil"]
[Black "PusangItim"]
[Result "0-1"]
[WhiteElo "1502"]
[BlackElo "2053"]

1. d4 d5 2. e3 Nf6 3. f4 e6 4. Bd2 Bd6 5. Bb5+ c6 6. Ba4 Ne4 7. Nc3 f5 8. Nxe4
fxe4 9. Qh5+ g6 10. Qg4 e5 11. f5 Bxf5 12. Bxc6+ bxc6 13. Qe2 O-O 14. g4 Qh4+
15. Kd1 Bxg4 16. Be1 Bxe2+ 17. Nxe2 Qh6 18. Kd2 Nd7 19. Bg3 Rf3 20. Rae1 Rxe3
21. Kd1 Rf8 22. Ref1 Ref3 23. Re1 Qe3 24. h4 Rxg3 25. h5 Rf2 26. hxg6 Rgg2 27.
c3 Rxe2 28. Rxe2 Qxe2+ 29. Kc1 Qc2# 0-1

[Event "AUTO-INT-3163"]
[Site "http://www.queenalice.com/game.php?id=1459493"]
[Date "2017.1.14"]
[Round "2"]
[White "PusangItim"]
[Black "dmbenati"]
[Result "1-0"]
[WhiteElo "2030"]
[BlackElo "1595"]

1. e4 e5 2. Nf3 Qf6 3. Nc3 Nc6 4. Nd5 Qd6 5. Be2 Nf6 6. Nxf6+ Qxf6 7. d3 Nd4 8.
c3 Nxf3+ 9. Bxf3 Bc5 10. O-O d6 11. Be3 Bxe3 12. fxe3 Qg6 13. Bh5 Qg5 14. Bxf7+
Ke7 15. Qe2 Rf8 16. Bb3 Rxf1+ 17. Rxf1 Bh3 18. Qf3 Bg4 19. Qf7+ Kd8 20. Ba4
Qxe3+ 21. Kh1 1-0

[Event "AUTO-INT-3163"]
[Site "http://www.queenalice.com/game.php?id=1459494"]
[Date "2017.1.14"]
[Round "2"]
[White "dmbenati"]
[Black "PusangItim"]
[Result "0-1"]
[WhiteElo "1646"]
[BlackElo "2047"]

1. e4 e6 2. Nf3 d5 3. d4 dxe4 4. Nfd2 f5 5. c3 Nf6 6. Bc4 Be7 7. b3 O-O 8. Ba3
Nd5 9. Bxe7 Qxe7 10. g4 c6 11. gxf5 exf5 12. f4 Kh8 13. Bxd5 cxd5 14. c4 dxc4
15. Nxc4 Qh4+ 16. Ke2 Qxf4 17. Qd2 Qf3+ 18. Ke1 Qxh1+ 19. Ke2 Qxh2+ 20. Ke3
Qxd2+ 21. Nbxd2 Nc6 22. Rf1 Be6 23. Nd6 b6 24. Rc1 Nb4 25. a4 Nd5+ 26. Kf2 e3+
0-1

[Event "AUTO-INT-3158"]
[Site "http://www.queenalice.com/game.php?id=1460771"]
[Date "2017.1.22"]
[Round "2"]
[White "brianb65"]
[Black "PusangItim"]
[Result "1-0"]
[WhiteElo "2019"]
[BlackElo "2019"]

1. Nf3 d5 2. d4 Nf6 3. c4 e6 4. Nc3 Be7 5. Bg5 h6 6. Bf4 c6 7. e3 O-O 8. Bd3
Nbd7 9. O-O Nh5 10. Be5 Nxe5 11. Nxe5 Nf6 12. c5 Bd7 13. b4 b6 14. a4 Be8 15.
Bc2 Qc7 16. Qd3 bxc5 17. bxc5 Bxc5 18. Ng4 1-0

[Event "AUTO-INT-3158"]
[Site "http://www.queenalice.com/game.php?id=1460772"]
[Date "2017.1.22"]
[Round "2"]
[White "PusangItim"]
[Black "brianb65"]
[Result "1-0"]
[WhiteElo "2032"]
[BlackElo "2061"]

1. e4 c6 2. d4 d5 3. exd5 cxd5 4. Nf3 Nf6 5. h3 e6 6. Bg5 Be7 7. Bd3 O-O 8. O-O
Nc6 9. c3 h6 10. Bh4 Qb6 11. b3 Bd7 12. Nbd2 Rac8 13. Qe2 Rfe8 14. Rac1 Nh5 15.
Bxe7 Rxe7 16. g3 Nf6 17. Ne5 Nxe5 18. Qxe5 Qc7 19. f4 Qa5 20. Bb1 Qb5 21. g4 Qc6
22. f5 Rce8 23. fxe6 Bxe6 24. Qf4 Qc7 25. Qxc7 Rxc7 26. c4 Rec8 27. c5 Bd7 28.
Rfe1 Be6 29. Nf3 Nd7 30. b4 Nb6 31. Kf2 Nc4 32. Ne5 Nd2 33. Bd3 Nc4 34. Nxc4
dxc4 35. Bxc4 Bxc4 36. Rxc4 Kf8 37. d5 Rd7 38. Rd4 Rcd8 39. Red1 f6 40. b5 b6
41. c6 Rd6 42. Kf3 Kf7 43. Ke4 g6 44. Ra4 Ra8 45. Rc1 Rc8 46. Rxa7+ Kg8 47. Rb7
Re8+ 48. Kf4 Rxd5 49. c7 Rd4+ 50. Kg3 1-0

[Event "AUTO-ADV-3688"]
[Site "http://www.queenalice.com/game.php?id=1461482"]
[Date "2017.1.27"]
[Round "2"]
[White "Prosperidade"]
[Black "PusangItim"]
[Result "1-0"]
[WhiteElo "1924"]
[BlackElo "2048"]

1. d4 d5 2. c4 e6 3. cxd5 exd5 4. Nc3 Nf6 5. h3 Be7 6. Nf3 O-O 7. Bf4 c6 8. e3
h6 9. Bd3 Be6 10. a3 Nbd7 11. O-O Re8 12. Qc2 Nf8 13. Rac1 Bd6 14. Bxd6 Qxd6 15.
Rfd1 1-0

[Event "AUTO-ADV-3688"]
[Site "http://www.queenalice.com/game.php?id=1461483"]
[Date "2017.1.27"]
[Round "2"]
[White "PusangItim"]
[Black "Prosperidade"]
[Result "0-1"]
[WhiteElo "2071"]
[BlackElo "1901"]

1. e4 e5 2. Nf3 d6 3. Bc4 h6 4. Nc3 a6 5. a3 Nf6 6. O-O Be7 7. h3 O-O 8. d4 exd4
9. Nxd4 c5 10. Nf5 Bxf5 11. exf5 Nc6 12. Bf4 Nd4 13. Ne2 Nxe2+ 14. Bxe2 b5 0-1

[Event "AUTO-ADV-3688"]
[Site "http://www.queenalice.com/game.php?id=1461484"]
[Date "2017.1.27"]
[Round "2"]
[White "josebaron"]
[Black "PusangItim"]
[Result "0-1"]
[WhiteElo "2009"]
[BlackElo "2057"]

1. e4 e6 2. Nf3 d5 3. exd5 exd5 4. d4 Nf6 5. Be2 Be7 6. h3 h6 7. O-O Bf5 8. Nc3
c6 9. Bd3 Ne4 10. Nd2 Nxc3 11. bxc3 Bxd3 12. cxd3 O-O 13. a4 Nd7 14. f4 Nf6 15.
Nf3 Bd6 16. Ba3 Re8 17. Bxd6 Qxd6 18. Ne5 Re7 19. c4 Rae8 20. c5 Qc7 21. a5 Nd7
22. a6 f6 23. Nxd7 Qxd7 24. axb7 Qxb7 25. Rb1 Qa6 26. Ra1 Qb5 27. Rb1 Qa5 28.
Qc2 Re2 29. Qc1 Qa2 0-1

[Event "AUTO-ADV-3688"]
[Site "http://www.queenalice.com/game.php?id=1461485"]
[Date "2017.1.27"]
[Round "2"]
[White "PusangItim"]
[Black "josebaron"]
[Result "0-1"]
[WhiteElo "2027"]
[BlackElo "1958"]

1. e4 e5 2. Nf3 Nc6 3. Bc4 Be7 4. Nc3 Nf6 5. O-O O-O 6. a3 a6 7. d4 exd4 8. Nxd4
Nxd4 9. Qxd4 d6 10. Be3 c6 11. Rad1 Be6 12. Be2 h6 13. f4 Bg4 14. h3 Bxe2 15.
Nxe2 c5 16. Qd3 Qc8 17. e5 dxe5 18. fxe5 Nh7 19. Nc3 Rd8 20. Nd5 Rxd5 21. Qxd5
Bg5 22. Qxf7+ Kh8 23. Bxg5 Nxg5 24. Qg6 Qe8 25. Qf5 Qe6 26. Qxe6 Nxe6 27. Rd6
Nd4 28. c3 Nc6 29. e6 Re8 30. Rf5 c4 31. Rf4 Nd8 0-1

[Event "AUTO-OPEN-3685"]
[Site "http://www.queenalice.com/game.php?id=1470918"]
[Date "2017.3.28"]
[Round "3"]
[White "PusangItim"]
[Black "bonow"]
[Result "1/2-1/2"]
[WhiteElo "2019"]
[BlackElo "2201"]

1. e4 c5 2. Nf3 d6 3. d4 cxd4 4. Nxd4 Nf6 5. Nc3 e5 6. Nf3 Nc6 7. Bb5 Bd7 8. Bg5
Be7 9. O-O a6 10. Ba4 O-O 11. Bxf6 Bxf6 12. Nd5 Bg4 13. h3 Bxf3 14. Qxf3 Bg5 15.
c3 Ne7 16. Nxe7+ Qxe7 17. Rad1 1/2-1/2

[Event "AUTO-OPEN-3685"]
[Site "http://www.queenalice.com/game.php?id=1470919"]
[Date "2017.3.28"]
[Round "3"]
[White "bonow"]
[Black "PusangItim"]
[Result "1-0"]
[WhiteElo "2220"]
[BlackElo "2049"]

1. d4 d5 2. c4 e6 3. e3 Nf6 4. Nc3 Be7 5. Nf3 Nbd7 6. Be2 O-O 7. O-O Ne4 8. Bd2
Ndf6 9. Nxe4 Nxe4 10. Rc1 c6 11. c5 Bf6 12. Bd3 Nxd2 13. Qxd2 b6 14. Qc2 Bd7 15.
Bxh7+ Kh8 16. Bd3 b5 17. Qe2 g6 18. b3 Kg7 19. Ne5 Be8 20. Ng4 Qc7 21. Nxf6 Kxf6
22. e4 dxe4 23. Qxe4 Kg7 24. Rfe1 Bd7 25. Rcd1 Rh8 26. Qe5+ Qxe5 27. Rxe5 Rad8
28. Bc2 Rh4 29. g3 Rh6 30. h4 f6 31. Ree1 Rhh8 32. Be4 Rhe8 33. Bg2 f5 34. f4
Kf6 35. a3 Rc8 36. Re2 Re7 37. Rde1 Rb8 38. d5 cxd5 39. Bxd5 Rc8 40. c6 Bxc6 41.
Rxe6+ 1-0

[Event "Challenge"]
[Site "http://www.queenalice.com/game.php?id=1471426"]
[Date "2017.4.1"]
[Round "-"]
[White "AlekinePb"]
[Black "PusangItim"]
[Result "0-1"]
[WhiteElo "2006"]
[BlackElo "2003"]

1. d4 d5 2. Nf3 Nf6 3. Bf4 Bf5 4. e3 h6 5. h3 e6 6. c4 c6 7. Nc3 Bb4 8. cxd5
Nxd5 9. Qb3 Bxc3+ 10. bxc3 Qe7 11. Qxb7 Qxb7 12. Nd2 Nxc3 13. g4 Qb2 14. Nb3 Bc2
15. Kd2 Bxb3+ 0-1

[Event "AUTO-INT-3163"]
[Site "http://www.queenalice.com/game.php?id=1478438"]
[Date "2017.5.17"]
[Round "3"]
[White "rodrigofortes"]
[Black "PusangItim"]
[Result "0-1"]
[WhiteElo "1726"]
[BlackElo "2026"]

1. Nf3 d5 2. d4 Nf6 3. Bg5 e6 4. Ne5 Be7 5. e3 h6 6. Bxf6 Bxf6 7. c4 Nd7 8. Qh5
O-O 9. Ng4 Re8 10. cxd5 exd5 11. Nxh6+ gxh6 12. Qxh6 Bg7 13. Qh5 c6 14. Bd3 Bxd4
15. Nc3 Bg7 16. O-O Nf6 17. Qh4 Ng4 18. Bh7+ Kf8 19. Qxd8 Rxd8 20. h3 Nf6 21.
Bc2 Be6 22. g4 Ke7 23. Bf5 Bxf5 24. gxf5 Rh8 25. Kg2 Rh5 26. Kf3 Rxh3+ 27. Ke2
Rh5 28. Rg1 Rg8 29. Kd3 Rxf5 30. Ke2 Kf8 31. Kd3 Rh8 32. f4 Rh3 33. Ne2 Ne4 34.
Rab1 c5 35. b3 d4 36. Kxe4 Rf6 37. Rg3 Re6+ 0-1

[Event "AUTO-INT-3163"]
[Site "http://www.queenalice.com/game.php?id=1478439"]
[Date "2017.5.17"]
[Round "3"]
[White "PusangItim"]
[Black "rodrigofortes"]
[Result "1-0"]
[WhiteElo "2030"]
[BlackElo "1677"]

1. e4 c5 2. Nf3 d6 3. d4 cxd4 4. Nxd4 Nc6 5. Nc3 Nxd4 6. Qxd4 e5 7. Qd1 Nf6 8.
Bc4 g6 9. O-O Bg7 10. Bg5 O-O 11. Nd5 Be6 12. Nxf6+ Bxf6 13. Bxf6 Qxf6 14. Qxd6
Rad8 15. Qb4 Rd4 16. b3 Rxe4 17. Qxb7 Bxc4 18. Qxe4 Bxf1 19. Rxf1 Qd6 20. Re1
Re8 21. c4 f5 22. Qe3 Re7 23. g3 a5 24. c5 Qc6 25. Qc3 Qc7 26. a3 Kf7 27. b4 f4
28. gxf4 exf4 29. Qc4+ Kf8 30. Rxe7 Kxe7 31. b5 Kd7 32. Qf7+ Kc8 33. Qxc7+ Kxc7
34. Kg2 h5 35. h4 a4 36. Kf3 g5 37. hxg5 1-0